000 00848nam a2200289 i 4500
001 000030301
003 DO-SdBNP
005 20250530132514.0
007 ta
008 100301s1972 dr 000 0 spa d
040 _aDO-SdBNP
_bspa
_cBNPHU
_erda
041 _aspa
049 _aBNPD
082 _axxx
_bT32s
_222
110 1 _aRepública Dominicana
_955968
240 1 0 _aLeyes, etc.
245 1 0 _aSuplemento al código civil de la República Dominicana /
_cpreparado por,Plinio Terrero Peña.
250 _aSegunda edición
264 1 _aSanto Domingo :
_bOffset Sarda,
_c1972.
300 _a36 páginas ;
_c23 cm.
336 _atexto
_btxt
_2rdacontent
337 _asin mediación
_bn
_2rdamedia
338 _avolumen
_bnc
_2rdacarrier
590 _aInventariado, 2025/BT
700 1 _aTerrero Peña, Plinio
_935380
942 _2ddc
_cLF2
999 _c29793
_d29793